000 00519nam a22001817a 4500
003 CEME
005 20210628203349.0
008 210126b xxu||||| |||| 00| 0 eng d
020 _a9788184894707
040 _c.
082 _a515.35 BET
100 _aBetounes, David
_964987
245 _aDifferential equations, theory and applications with maple
260 _aNEW DELHI
_bSPRINGER
_c2001
300 _aXIV,680P
650 _aDIFFERENTIAL EQUATIONS-DATA PROCESSING.MAPLE-COMPUTER FILE.
_964988
942 _cBK
_2ddc
999 _c573325
_d573325